Statistiques concernant Pyramide Football Belge (Div1-3)

Cliquez ici pour prendre le quiz!

Statistiques générales

  • Ce quiz a été pris 160 fois
    (155 depuis la dernière actualisation)
  • Le résultat moyen est 34 sur 50

Statistiques - réponses

HintRéponse% Correct
Logo du RSC AnderlechtAnderlecht
98%
RSCA Futures / Club NXT - Fiche de match - Plays-offs de Promotion  Challenger Pro League - Football - Le SoirRSCA Futures
97%
Logo du KRC GenkGenk
96%
Jong Genk - Profil du club | TransfermarktJong Genk
96%
Logo du La GantoiseLa Gantoise
96%
Jong Gent
95%
Le SL16 FC souhaite vivre une saison tranquille et éviter la rétrogradation  - Tout le foot | Walfoot.beSL16
95%
Logo du Standard de LiègeStandard de Liège
95%
Antwerp
91%
Logo du Royale Union Saint-GilloiseUnion Saint-Gilloise
91%
Young Reds
91%
Logo du Sporting de CharleroiCharleroi
89%
Zebra Elite
89%
Logo du Club BrugesClub Bruges
88%
Club NXT - WikipediaClub Next
88%
Logo du Cercle BrugesCercle Bruges
86%
Logo du RWD MolenbeekRWDM
85%
Logo du KV CourtraiCourtrai
83%
Logo du KAS EupenEupen
83%
Logo du KV MalinesMalines
83%
Logo du Oud-Heverlee LeuvenOHL
82%
OHL U23
82%
undefinedOstende
79%
Logo du SV Zulte WaregemZulte Waregem
77%
K. Saint-Trond VV - Profil du club | TransfermarktSaint-Trond
76%
Logo du RFC SeraingSeraing
74%
Logo du RFC LiègeRFC Liège
71%
Logo du KVC WesterloWesterlo
71%
RAAL La Louvière
66%
Logo du BeerschotBeerschot
63%
Logo du Lierse KempenzonenLierse SK
61%
Logo du KMSK DeinzeDeinze
56%
Logo du Beveren SKSK Beveren
55%
Logo du Francs BorainsFrancs Borains
54%
Virton
54%
Logo du FCV Dender EHDender
53%
Lommel
51%
Lokeren-Temse
50%
Union Namur
50%
Logo du K Patro Eisden MaasmechelenPatro Eisden
44%
Knokke
40%
URSL Visé
40%
Tienen
29%
Dessel Sport
28%
Heist
27%
Hoogstraten
26%
THES Sport
26%
Olympic Charleroi
25%
Cappelen
16%
Winkel Sport
13%

Distribution des résultats

Percentile par nombre de réponses

% des personnes avec chaque résultat

Votre développement - résultats

Vous n’avez pas pris ce quiz depuis la dernière actualisation